000 00889nam a2200289Ia 4500
003 OSt
005 20221007124529.0
006 a|||||r|||| 00| 0
007 ta
008 221006b |||||||| |||| 00| 0 eng d
020 _a9788181282811 (pbk)
024 _a189999
037 _b279, 24/03/2014, N R Book Distributors
_cTextual
040 _aCDL
_cCDL
_beng
041 _2eng
_aeng
082 _aC21, N9-;1 Carc
100 _aTimp Gregory Ed.
_9438474
245 0 _aNanotechnology
260 _aNew
_byork Springer
_c1999
300 _aviii,696p.
_ccm.
500 _aInclude bibliographical references.; Index 689-696p.
650 _a Atoms optics
_9714140
650 _a Nanotechnology
_9436565
650 _aChemistry
942 _hC21, N9-;1 Carc
_cTEXL
_2CC
999 _c1213677
_d1213677